000
00361nam a2200181Ia 4500
100
_a
Dhillon/Vikram
650
_a
Block chain
250
_a
2
942
_c
BK
366
_f
27
654
_a
bitcoin
245
_a
block chain enabled applications
260
_b
Apress
_c
2021
082
_a
5.76
_b
DHI
300
_a
380
546
_a
ENGLISH
999
_c
20344
_d
20344